000 00587nam a2200217Ia 4500
003 OSt
005 20220926040851.0
006 a|||||r|||| 00| 0
007 ta
008 220923b |||||||| |||| 00| 0 eng d
037 _cGeneral Book
040 _aRTL
_cRTL
_beng
041 _2eng
_aeng
082 _aX : 31:73:N4, H71
100 _aSTIGLER G J
_9321242
245 0 _aTrends in output and employment
260 _c1947
650 _aNational Income United states
_9231720
942 _hX : 31:73:N4, H71
_cGB
_2CC
999 _c665881
_d665881